000 01152cam a22003014a 4500
005 20200104041555.0
008 030520s2004 mauab b 001 0 eng
020 _a1405118571 (pbk. : alk. paper)
040 _aDLC
_cDLC
_dDLC
041 _aeng
042 _apcc
082 0 0 _a333.95
_bG256b
100 1 _aGaston, Kevin J.
_922417
245 1 0 _aBiodiversity :
_ban introduction
_cKevin J. Gaston and John I. Spicer.
250 _a2nd ed.
260 _aMalden, MA :
_bBlackwell Pub.,
_c2004.
300 _axv, 191 p. :
_bilustraciones., mapas ;
_c24 cm.
504 _aIncludes bibliographical references (p. [160]-182) and index.
650 0 _aBiodiversity.
_940066
650 0 _aespecies en peligro
_940067
650 0 _vIdentificación
_940068
650 0 _aMonitoreo
_955
700 1 _aSpicer, John I.
_922418
856 4 1 _3Table of contents
_uhttp://www.loc.gov/catdir/toc/ecip044/2003011788.html
906 _a7
_bcbc
_corignew
_d1
_eecip
_f20
_gy-gencatlg
942 _2ddc
_cLIBRO
999 _c4983
_d4983